| 000 | 01408cam a2200373 a 4500 | ||
|---|---|---|---|
| 001 | 12895577 | ||
| 003 | OSt | ||
| 005 | 20160310142940.0 | ||
| 008 | 020815s2003 enk b 001 0 eng | ||
| 010 | _a 2002111619 | ||
| 015 | _aGBA2-T9881 | ||
| 020 | _a0761957065 | ||
| 020 | _a0761957073 (pbk) | ||
| 035 | _a(OCoLC)ocm51031301 | ||
| 040 |
_aUKM _cUKM _dDLC |
||
| 042 | _alccopycat | ||
| 050 | 0 | 0 |
_aHM447 _b.S53 2003 |
| 082 | 0 | 0 |
_a301 _222 _bSHA 2003 |
| 100 | 1 |
_aSharrock, W. W. _q(Wes W.) _97276 |
|
| 245 | 1 | 0 |
_aUnderstanding modern sociology / _cWes W. Sharrock, John A. Hughes and Peter J. Martin. |
| 260 |
_aLondon ; _bThousand Oaks, Calif. : _bSAGE Publications, _c2003. |
||
| 300 |
_avi, 220 p. ; _c25 cm. |
||
| 504 | _aIncludes bibliographical references (p. [205]-215) and index. | ||
| 650 | 0 |
_aSociology _xHistory _y20th century. _97277 |
|
| 650 | 0 |
_aSociology. _92259 |
|
| 700 | 1 |
_aHughes, J. A., _d1941- _97278 |
|
| 700 | 1 |
_aMartin, Peter J., _d1947- _97279 |
|
| 856 | 4 | 2 |
_3Publisher description _uhttp://www.loc.gov/catdir/enhancements/fy0656/2002111619-d.html |
| 856 | 4 | 1 |
_3Table of contents only _uhttp://www.loc.gov/catdir/enhancements/fy0656/2002111619-t.html |
| 906 |
_a7 _bcbc _ccopycat _d2 _encip _f20 _gy-gencatlg |
||
| 942 |
_2ddc _cSLOAN |
||
| 999 |
_c3235 _d3235 |
||